000 00849nam a22001811i 4500
001 180197
003 ES-MaACL
005 20250710064923.0
008 120516s1905 fr |||| | fre d
100 1 _aBrunetière, Ferdinand.
_932173
245 1 0 _aÉtudes critiques sur l'histoire de la littérature française.
_nSeptième Sèrie,
_pUn épisode de la vie de Ronsard. Vaugelas et la thèorie de l'usage. Jean de la Fontaine. La langue de Molière. La bibliothèque de Bossuet. L'évolution de la tragédie. L'évolution littéraire de Victor Hugo. La littérature européenne au XIXe siècle. Honoré de Balzac.
250 _a2e ed.
260 _aParis :
_bLib. Hachette et Cie.,
_c1905.
300 _a316 p. ;
_c19 cm.
650 4 _aLiteratura francesa-
_xHistoria y crítica
_914586
852 _aES-MaACL
_jF-8419
999 _c180197
_d180197